French Regular Verbs Conjugation Endings Quiz - Statistics

General Stats
  • This quiz has been taken 57 times
    55 since last reset
  • The average score is 20 of 31
Answer Stats
Pronoun Ending % Correct
Je -e
100%
Il/Elle/On -e
100%
Tu -es
100%
Vous -ez
100%
Ils/Elles -ent
98%
Nous -ons
98%
Je -is
78%
Tu -is
78%
Il/Elle/On -it
76%
Vous -ez
67%
Vous -issez
67%
Ils/Elles -ent
67%
Nous -issons
67%
Ils/Elles -issent
64%
Nous -ons
64%
Je -s
62%
Tu -s
62%
-ai
47%
47%
-ez
47%
-i
47%
-ons
47%
-a
44%
-ais
44%
-ait
44%
-as
44%
-u
44%
-aient
42%
-iez
42%
-ions
42%
-ont
38%
No matching quizzes found
Score Distribution
Percent of People with Each Score
Percentile by Number Answered
Your Score History
You have not taken this quiz since the last reset